Statistiques concernant Les 20 préfectures les plus proches de Beauvais

Cliquez ici pour prendre le quiz!

Statistiques générales

  • Ce quiz a été pris 90 fois
  • Le résultat moyen est 16 sur 20

Statistiques - réponses

distance (en km)ville préfecture% Correct
66Paris
100%
152Lille
98%
72Rouen
95%
54Amiens
94%
70Versailles
89%
180Caen
88%
112Laon
86%
108.03Arras
84%
81Evreux
82%
42Cergy-Pontoise
81%
64Bobigny
80%
93Evry Courcouronnes
80%
61Nanterre
78%
171Orleans
76%
118Chartres
71%
107.73Melun
71%
78Creteil
70%
183Alencon
67%
193Troyes
67%
174Chalons en CHampagne
66%

Distribution des résultats

Percentile par nombre de réponses

% des personnes avec chaque résultat

Votre développement - résultats

Vous n’avez pas pris ce quiz